000 00944nam a22002777a 4500
001 BR9701767
003 BR-BrBNA
005 20230928095418.0
007 ta
008 230509b bl.||||| |||| 00| 0 por d
040 _aBR-BrBNA
_bpor
_cBiblioteca Nacional de Agricultura
041 _a(Por)
072 _aQ03
_b0332
090 _ 0332 BR9701767
100 1 _aStefanovitz, A.H.O.
110 1 _aEscola Superior de Agricultura Luiz de Queiroz, Piracicaba, SP (Brasil)
_0Tese (Mestre em Ciencias)
245 1 _aDistribuicao da contaminacao com aflatoxinas nos tipos de graos de amendoim (Arachis hypogaea L.), definidos pela classificacao oficial do Brasil
260 3 _aPiracicaba, SP (Brasil):
_c1996.
300 _a56 p.
500 _aBibliography p. 44-56; 8 illus.; Summaries (Eng, Por)
650 _aAmendoim
650 _aAflatoxina
650 _aContaminacao Fungica
909 _a202309
_bLucia
_c55
_dLucia Elande
942 _cBK
999 _c56410
_d56410